Paroles - J'envoie valser - Zazie - Statistiques

Statistiques générales
  • Ce quiz a été pris 297 fois
  • Le résultat moyen est 138 sur 170
Statistiques - réponses
Paroles % Correct
je
98%
le
98%
de
97%
De
97%
en
97%
J'en
97%
qui
97%
ça,
96%
ça
96%
Ce
96%
des
95%
Des
95%
les
95%
Les
95%
C'est
94%
Et
94%
et
94%
que
94%
valser
94%
or
92%
vois,
92%
vois
92%
beau
91%
cou
91%
J'envoie
91%
j'envoie
91%
très
91%
un
91%
Un
91%
comme
90%
l'or
90%
mais
89%
trésor
89%
vaut
89%
cailloux
88%
fort
88%
quand
88%
tu
88%
n'sont
87%
toc
86%
dans
85%
Moi,
84%
bijoux
83%
trucs
83%
dorées
82%
même
82%
Toi,
82%
toi,
82%
toi
82%
m'en
78%
moque
77%
roulent,
76%
roulent
76%
pierres
75%
vous
75%
cages
73%
donnent
73%
sur
73%
là,
72%
nous
72%
joues
71%
mieux
71%
sous
71%
s'donnent,
69%
coulent
68%
m'aimes
68%
peu
68%
s'aime
68%
sans
68%
beaucoup
67%
aimons
66%
dépenser
66%
m'serres
66%
m'serres
64%
J'aime
63%
mon
63%
ailleurs
62%
on
61%
ou
61%
s'aimer
60%
connais
57%
Entre
57%
feraient
57%
roses
56%
d'envoyer
55%
Puis
55%
choux
54%
part
53%
tas
53%
Car
52%
quelque
51%
fleurs
50%
collier
48%
plaqué
48%
coeurs
47%
regards
46%
pour
43%
s'laissent
42%
bagues
41%
s'lancent
39%
toujours,
38%
d'amour
34%
preuves
32%
Puisque
27%
Aucun quiz correspondant
Distribution des résultats
% des personnes avec chaque résultat
Percentile par nombre de réponses
Votre historique - résultats
Vous n’avez pas pris ce quiz